Odgadnij tych OBECNYCH/BYŁYCH członków GUGU - Statystyki

Ogólne statystyki
  • Ten quiz został rozwiązany 157 razy
  • Średni wynik to 6 z 12
Statystyki odpowiedzi
Obrazkowy Odpowiedź % Poprawnych
Szpaku
100%
Chivas
97%
Kinny Zimmer
90%
27.Fuckdemons
75%
Esceh
57%
Rolex
52%
RIP Scotty
47%
Karwan
38%
Karol'ek
28%
DJ Fauda
22%
Mlodyskiny
22%
Młodzian MRG
20%
Nie znaleziono quizów pasujących do podanych kryteriów
Rozkład punktacji
Procent ludzi z każdym wynikiem
Percentyl według liczby udzielonych odpowiedzi
Twoja historia wyników
Nie rozwiązałeś tego quizu